| 000 | 00459nam a2200145Ia 4500 | ||
|---|---|---|---|
| 041 | _aArabic | ||
| 082 | _a341 cut-922 د | ||
| 100 | _a20260118u\\\\\\\\\\\y0engy0103\\\\ba | ||
| 100 | _aد.اسعد دياب | ||
| 245 | 0 | _aالقانون الدولي الانساني افاق وتحديات الجزء الاول | |
| 250 | _aط1 | ||
| 260 |
_bمنشورات الحلبي الحقوقية _aبيروت - لبنان _c2010 |
||
| 300 | _a346 | ||
| 942 | _cBk | ||
| 999 |
_c188577 _d188577 |
||